| 000 -LEADER |
| fixed length control field |
00538nam a22000977a 4500 |
| 008 - FIXED-LENGTH DATA ELEMENTS--GENERAL INFORMATION |
| fixed length control field |
160425b xxu||||| |||| 00| 0 eng d |
| 100 ## - MAIN ENTRY--AUTHOR'S NAME |
| Author's Name |
Hagemann, G. |
| 245 ## - TITLE STATEMENT |
| Title |
Danmarks og Dansk Vestindiens frimaerker. Bind 4 |
| 260 ## - PUBLICATION, DISTRIBUTION, ETC. (IMPRINT) |
| Place of publication, distribution, etc. |
Kopenhagen, Denmark |
| Name of publisher, distributor, etc. |
Kobenhavns Philatelist Klub |
| Date of publication, distribution, etc. |
1951 |
| 650 ## - TOPICAL TERM (Tag) |
| Topical term or geographic name |
Denmark | Danish West Indies | Postal Markings | Plates and Plating | Errors and Varieties | Forgeries and Counterfeits | Essays and Proofs | Production | 20th Century | 19th Century | Definitive Issues | Provisionals and Forerunners | Bibliographies |